00465nam a2200145 a 450000500170000000800410001702000060005805000180006410000190008224500480010126000350014944000180018499900190020295200980022120140414131900.0100902s19uu xx 00 eng d a  aFICbM46 2004 aMeadows, Daisy aAmber the orange fairy /cby Daisy Meadows. aNew York :bScholastic,c2004. aRainbow magic c110629d110629 001040aMUbMUcFICd2010-09-16l0oFIC M46 2004pM1087r2014-04-14 00:00:00w2014-04-14yBK